Η ελληνικότητα των μικρασιατικών εδαφών την περίοδο 1910-1922 : πτυχιακή εργασία
Αποθηκεύτηκε σε:
| Κύριος συγγραφέας: | |
|---|---|
| Συγγραφή απο Οργανισμό/Αρχή: | |
| Μορφή: | Thesis Βιβλίο |
| Γλώσσα: | Greek |
| Δημοσίευση: |
2009.
|
| Θέματα: | |
| Διαθέσιμο Online: | http://hdl.handle.net/11610/7599 |
| Ετικέτες: |
Προσθήκη ετικέτας
Δεν υπάρχουν, Καταχωρήστε ετικέτα πρώτοι!
|
MARC
| LEADER | 00000cam a2200000 i 4500 | ||
|---|---|---|---|
| 001 | 1/1339 | ||
| 008 | 090908s2009 gr | ||| |||| ||gre|| | ||
| 035 | |l 10105561 | ||
| 040 | |a GR-MyUa |b gre |e AACR2 | ||
| 041 | 0 | |a gre | |
| 082 | 7 | |a 956.10489 |2 (22) | |
| 100 | 1 | |a Αμπλά, Ελένη. | |
| 245 | 1 | 2 | |a Η ελληνικότητα των μικρασιατικών εδαφών την περίοδο 1910-1922 : |b πτυχιακή εργασία / |c Αμπλά Ελένη ; επιβλέπων καθηγητής: Χ. Εξερτζόγλου. |
| 260 | |c 2009. | ||
| 300 | |a 73 σ. ; |c 30 εκ. | ||
| 502 | |a Πτυχιακή εργασία – Πανεπιστήμιο Αιγαίου, Λέσβος, 2009. | ||
| 650 | 0 | 0 | |a Newspapers |x Sections, columns, etc. |z Greece |x History. |
| 650 | 0 | 0 | |a Greeks |z Turkey |x History |y 20th century. |
| 650 | 0 | 0 | |a Greeks |z Turkey |x Ethnic identity. |
| 650 | 0 | 0 | |a Dissertations, Academic |z Greece. |
| 700 | 1 | |a Εξερτζόγλου, Χάρης, |d 1956- |e dgs | |
| 710 | 2 | |a Πανεπιστήμιο Αιγαίου. |b Σχολή Κοινωνικών Επιστημών. |b Τμήμα Κοινωνικής Ανθρωπολογίας και Ιστορίας. | |
| 852 | |a INST |b LESVOS |c DIATR |e 20090908 |h 85 |p 005100046639 |q 005100046639 |t DIE |y 23 | ||
| 852 | |a INST |b LESVOS |c DIATR |e 20090908 |h 86 |p 005100046640 |q 005100046640 |t DIE |y 23 | ||
| 856 | |u http://hdl.handle.net/11610/7599 | ||
| 901 | |a BIBL1-2009-3 | ||
| 924 | |a Αμπλά |b Ελένη |y Λέσβος |z 2009-06 | ||
| 970 | |a ΤΖΑΦΕΡΗ |b ΕΥΑΓΓΕΛΙΑ |z 2009/09/08 | ||